| 000 -LEADER |
| fixed length control field |
00325nam a22001337a 4500 |
| 008 - FIXED-LENGTH DATA ELEMENTS--GENERAL INFORMATION |
| fixed length control field |
170907b xxu||||| |||| 00| 0 eng d |
| 020 ## - INTERNATIONAL STANDARD BOOK NUMBER |
| International Standard Book Number |
069712682-X |
| 041 ## - LANGUAGE CODE |
| Language code of text/sound track or separate title |
eng |
| 080 ## - UNIVERSAL DECIMAL CLASSIFICATION NUMBER |
| Universal Decimal Classification number |
91 |
| 100 ## - Rafti |
| Rafti |
42 |
| 101 ## - Shkurtesa |
| Shkurtesa |
GJEO |
| 245 ## - TITLE STATEMENT |
| Title |
AN INTRODUCTION TO STATISTICAL PROBLEM SOLVING IN GEOGRAPHY |
| Statement of responsibility, etc |
GREW,J,C |
| 942 ## - ADDED ENTRY ELEMENTS (KOHA) |
| Source of classification or shelving scheme |
|
| Item type |
Books |